Το θέατρο στο σχολείο : μέθοδοι διδασκαλίας και εφαρμογής
Αποθηκεύτηκε σε:
| Κύριος συγγραφέας: | |
|---|---|
| Μορφή: | Βιβλίο |
| Γλώσσα: | Greek |
| Δημοσίευση: |
Ζεφύρι Ατικής :
Διάδραση,
2011.
|
| Θέματα: | |
| Ετικέτες: |
Προσθήκη ετικέτας
Δεν υπάρχουν, Καταχωρήστε ετικέτα πρώτοι!
|
MARC
| LEADER | 00000cam a2200000 i 4500 | ||
|---|---|---|---|
| 001 | 1/63368 | ||
| 008 | 150114s2011 gr ||| ||gre|| | ||
| 020 | |a 9789609539746 | ||
| 035 | |l 10120400 | ||
| 040 | |a GR-MY-UA |b gre |e aacr | ||
| 041 | 0 | |a gre | |
| 082 | 7 | |a 372.66 |2 (23) | |
| 100 | 1 | |a Γραμματάς, Θόδωρος Α., |d 1951- | |
| 245 | 1 | 3 | |a Το θέατρο στο σχολείο : |b μέθοδοι διδασκαλίας και εφαρμογής / |c Θόδωρος Γραμματάς. |
| 260 | |a Ζεφύρι Ατικής : |b Διάδραση, |c 2011. | ||
| 300 | |a 172 σ. ; |c 23 εκ. | ||
| 504 | |a Βιβλιογραφία: σ. 167-172. | ||
| 650 | 0 | 0 | |a Drama in education. |
| 650 | 0 | 0 | |a Theater |x Study and teaching. |
| 650 | 0 | 0 | |a Drama |x Study and teaching. |
| 852 | |a INST |b RHODES |e 20160726 |h 372.66 ΓΡΑ |p 005400038622 |q 005400038622 |t BK |y 0 | ||
| 852 | |a INST |b RHODES |c EUDOXUS |e 20150114 |h 372.66 ΓΡΑ |p 005400037428 |q 005400037428 |t EDX |y 0 | ||
| 901 | |a BIBL4-2015-1 | ||
| 909 | |a Ρ |b 183748 | ||
| 920 | |a Εύδοξος |b Παραγγελία |y Ρόδος-ΠΤΔΕ |z 2014-12 | ||
| 922 | |a 4ΕΛΗ | ||
| 970 | |z 2015/01/14 | ||